000 00290nam a22001217a 4500
008 181008b xxu||||| |||| 00| 0 eng d
041 _aeng
080 _a61
100 _a6
101 _aANE
245 _aAnesthetic Considerations for Pediatric Cardiac Surgery
_cDavis,P
942 _2udc
_cBK
999 _c48987
_d48987